000 00265nam a2200121Ia 4500
005 20260328101451.0
008 260328s9999||||xx |||||||||||||| ||und||
100 _aLee, Uje
245 0 _aApartments Today /
_cUje Lee
260 _bC3
300 _a259 p.
942 _cBK
999 _c8650
_d8650